Soal jawab kemusykilan agama / (Record no. 1087)

000 -LEADER
fixed length control field nam a22 a 4500
003 - CONTROL NUMBER IDENTIFIER
control field AKMAL
005 - DATE AND TIME OF LATEST TRANSACTION
control field 20170508124654.0
008 - FIXED-LENGTH DATA ELEMENTS--GENERAL INFORMATION
fixed length control field 170508s1992 my 00 may d
040 ## - CATALOGING SOURCE
Original cataloging agency AKMAL
082 04 - DEWEY DECIMAL CLASSIFICATION NUMBER
Classification number 297.3 ISM
090 ## - LOCALLY ASSIGNED LC-TYPE CALL NUMBER (OCLC); LOCAL CALL NUMBER (RLIN)
Classification number (OCLC) (R) ; Classification number, CALL (RLIN) (NR) 297.3
Local cutter number (OCLC) ; Book number/undivided call number, CALL (RLIN) ISM
100 ## - MAIN ENTRY--PERSONAL NAME
Personal name Ismail Kamus,
Titles and words associated with a name Dato', Ustaz,
Dates associated with a name 1948-
9 (RLIN) 2113
245 10 - TITLE STATEMENT
Title Soal jawab kemusykilan agama /
Statement of responsibility, etc. oleh Al-Ustaz Ismail bin Kamus
260 ## - PUBLICATION, DISTRIBUTION, ETC.
Place of publication, distribution, etc. Kuala Lumpur :
Name of publisher, distributor, etc. Muafakat Enterprise,
Date of publication, distribution, etc. 1992
300 ## - PHYSICAL DESCRIPTION
Extent 102ms. ;
Dimensions 19cm
500 ## - GENERAL NOTE
General note Mengandungi ayat-ayat dari al-Quran
650 ## - SUBJECT ADDED ENTRY--TOPICAL TERM
Topical term or geographic name entry element Islam
General subdivision Customs and practices
9 (RLIN) 1330
650 ## - SUBJECT ADDED ENTRY--TOPICAL TERM
Topical term or geographic name entry element Islam
Form subdivision Problems, exercises, etc.
9 (RLIN) 2264
942 ## - ADDED ENTRY ELEMENTS (KOHA)
Source of classification or shelving scheme
Koha item type Book
Holdings
Withdrawn status Lost status Source of classification or shelving scheme Damaged status Not for loan Collection code Home library Current library Shelving location Date acquired Inventory number Total Checkouts Full call number Barcode Date last seen Price effective from Koha item type
          NON-FICTION AKMAL Melaka AKMAL Melaka PINJAMAN 08.05.2017 200133   297.3 ISM 201702095 08.05.2017 08.05.2017 Book
Pusat Sumber Maklumat Dato' Haji Sarmin Md Hussin, Akademi Kastam Diraja Malaysia, Melaka
Tel: 06-2331106 | Faks: 06-2313787